MAASAI MARA UNIVERSITY

LIBRARY CATALOGUE

Contact Us: +254 020 2685356/7 or 0774 057787

Box: 861-20500, NAROK, KENYA

Email: info@mmarau.ac.ke

Basics of qualitative research (Record no. 3021)

MARC details
000 -LEADER
fixed length control field 00624nam a22002057a 4500
003 - CONTROL NUMBER IDENTIFIER
control field OSt
005 - DATE AND TIME OF LATEST TRANSACTION
control field 20170518092722.0
008 - FIXED-LENGTH DATA ELEMENTS--GENERAL INFORMATION
fixed length control field 160115b xxu||||| |||| 00| 0 eng d
020 ## - INTERNATIONAL STANDARD BOOK NUMBER
International Standard Book Number 9.7814129064e+012
040 ## - CATALOGING SOURCE
Original cataloging agency MMU
Language of cataloging eng
Transcribing agency MMU
050 ## - LIBRARY OF CONGRESS CALL NUMBER
Classification number HA 29
Item number .S823 2008
100 ## - MAIN ENTRY--PERSONAL NAME
9 (RLIN) 362
Personal name Corbin, Juliet
245 ## - TITLE STATEMENT
Title Basics of qualitative research
Remainder of title techniques and procedures for developing grounded theory
Statement of responsibility, etc. Juliet corbin
260 ## - PUBLICATION, DISTRIBUTION, ETC. (IMPRINT)
Place of publication, distribution, etc. London :
Name of publisher, distributor, etc. Sage,
Date of publication, distribution, etc. 2008
300 ## - PHYSICAL DESCRIPTION
Extent xv,379 p.
500 ## - GENERAL NOTE
General note Includes index
650 #0 - SUBJECT ADDED ENTRY--TOPICAL TERM
Topical term or geographic name as entry element Social science research
9 (RLIN) 363
700 ## - ADDED ENTRY--PERSONAL NAME
Personal name Anselm Strauss
9 (RLIN) 364
942 ## - ADDED ENTRY ELEMENTS (KOHA)
Source of classification or shelving scheme Library of Congress Classification
Koha item type SL
Edition 3rd ed.

No items available.

© 2016 Maasai Mara University.